Score 0/19 Timer 01:30
1 Play Today
Hint 4-Letter Word % Correct
Hit the mallSHOP
94.6%
Bottle stopperCORK
93.7%
Bacon, e.g.PORK
93.4%
❤ Partner of tell, in kindergarten ❤❤ SHOW ❤
92.6%
Vatican residentPOPE
92.3%
There's no place like ____HOME
92.1%
Skin ductPORE
91.8%
Sauté, simmer, or braiseCOOK
90.8%
Whack with a cleaverCHOP
90.2%
❤ All you need is ____❤ LOVE ❤
87.2%
Hint 4-Letter Word % Correct
Pigeon penCOOP
86.8%
IdenticalSAME
84%
❤ More than a few? ❤❤ SOME ❤
81.6%
❤ Bursts ❤❤ POPS ❤
81.5%
AspireHOPE
73.1%
WashLAVE
65.4%
SulkMOPE
63%
Halt of stepLAME
62.5%
SwabsMOPS
59.8%

Today's Daily Dose

Remove Ads.
Support Sporcle.
Get the best of Sporcle when you Go Orange. This ad-free experience offers more features, more stats, and more fun while also helping to support Sporcle. Thank you for becoming a member.

You're not logged in!

Compare scores with friends on all Sporcle quizzes.
OR
Log In

Show Comments

Extras

Top Quizzes Today


Score Distribution

Your Account Isn't Verified!

In order to create a playlist on Sporcle, you need to verify the email address you used during registration. Go to your Sporcle Settings to finish the process.

Report this User

Report this user for behavior that violates our Community Guidelines.

Details: